| Tag |
First Indicator |
Second Indicator |
Subfields |
| LEADER |
00000cam a2200000 4500 |
| 001 |
in00000079570 |
| 005 |
20151008052907.0 |
| 008 |
720222s1964 ilu b 00000 eng u |
| 010 |
|
|
|a 64014109
|
| 035 |
|
|
|a (OCoLC)00246385
|
| 035 |
|
|
|9 AAH5344AM
|
| 040 |
|
|
|c WSU
|d TXA
|d UtOrBLW
|
| 049 |
|
|
|a TXAM
|c [403380]
|
| 050 |
|
0 |
|a HG538
|b .B195
|
| 092 |
|
|
|a 332.11
|b B251m
|
| 100 |
1 |
|
|a Barger, Harold.
|
| 245 |
1 |
4 |
|a The management of money ;
|b a survey of American experience.
|
| 264 |
|
1 |
|a Chicago :
|b Rand McNally,
|c [1964]
|
| 300 |
|
|
|a 422 pages
|
| 336 |
|
|
|a text
|b txt
|2 rdacontent
|
| 337 |
|
|
|a unmediated
|b n
|2 rdamedia
|
| 338 |
|
|
|a volume
|b nc
|2 rdacarrier
|
| 490 |
1 |
|
|a Rand McNally economics series
|
| 504 |
|
|
|a Bibliography: pages 382-391. Bibliographical footnotes.
|
| 650 |
|
0 |
|a Monetary policy
|z United States.
|
| 650 |
|
0 |
|a Federal Reserve banks.
|
| 830 |
|
0 |
|a Rand McNally economics series.
|
| 999 |
|
|
|a MARS
|
| 999 |
f |
f |
|s 556d238e-6763-3cd7-810a-388165bc315e
|i a5db1b70-96f5-353d-8970-5188b2ad6541
|t 0
|
| 952 |
f |
f |
|p ric
|a Texas A&M University
|b Rellis Campus
|c Joint Library Facility
|d Remote Storage
|t 0
|e HG538 .B195
|h Library of Congress classification
|i unmediated -- volume
|m A14800729601
|
| 998 |
f |
f |
|a HG538 .B195
|t 0
|l Remote Storage
|